biochar application affecting on growth and yield of tomato, ឥទិ្ធពលនៃការប្រើប្រាស់ជីវៈធ្យូងលើការលូតាលាស់និងទិន្នផលដំណាំប៉េងប៉ោះ (Record no. 12188)
[ view plain ]
| 000 -LEADER | |
|---|---|
| fixed length control field | 00650nam a22001577a 4500 |
| 003 - CONTROL NUMBER IDENTIFIER | |
| control field | OSt |
| 005 - DATE AND TIME OF LATEST TRANSACTION | |
| control field | 20170810153620.0 |
| 008 - FIXED-LENGTH DATA ELEMENTS--GENERAL INFORMATION | |
| fixed length control field | 170810b xxu||||| |||| 00| 0 eng d |
| 040 ## - CATALOGING SOURCE | |
| Transcribing agency | RUA |
| 082 ## - DEWEY DECIMAL CLASSIFICATION NUMBER | |
| Classification number | AGR DAM 2014 B547 Or.1 |
| 100 ## - MAIN ENTRY--PERSONAL NAME | |
| 9 (RLIN) | 11945 |
| Personal name | DAM DANIN,ដាំ ដានីន |
| 245 ## - TITLE STATEMENT | |
| Title | biochar application affecting on growth and yield of tomato, ឥទិ្ធពលនៃការប្រើប្រាស់ជីវៈធ្យូងលើការលូតាលាស់និងទិន្នផលដំណាំប៉េងប៉ោះ |
| 260 ## - PUBLICATION, DISTRIBUTION, ETC. (IMPRINT) | |
| Place of publication, distribution, etc. | phnom penh |
| Name of publisher, distributor, etc. | RUA |
| Date of publication, distribution, etc. | 2014 |
| 300 ## - PHYSICAL DESCRIPTION | |
| Extent | ix;40p; |
| Other physical details | ill; |
| Dimensions | 29cm; |
| 942 ## - ADDED ENTRY ELEMENTS (KOHA) | |
| Source of classification or shelving scheme | |
| Koha item type | AGR |
| Price effective from | Date last seen | Permanent Location | Not for loan | Date acquired | Source of classification or shelving scheme | Koha item type | Lost status | Withdrawn status | Date last checked out | Total Checkouts | Shelving location | Damaged status | Barcode | Current Location | Full call number |
|---|---|---|---|---|---|---|---|---|---|---|---|---|---|---|---|
| 2017-08-10 | 2017-08-10 | Library Block B | 2017-08-10 | AGR | B547 | A07836 | Library Block B | AGR DAM 2014 B547 Or.1 | |||||||
| 2017-08-10 | 2017-08-10 | Library Block B | 2017-08-10 | AGR | B547 | A08431 | Library Block B | AGR DAM 2014 B547 Or.2 | |||||||
| 2017-08-10 | 2019-11-16 | Library Block B | 2017-08-10 | AGR | 2019-11-16 | 6 | B547 | A08662 | Library Block B | AGR DAM 2014 B547 Or.3 | |||||
| 2017-08-10 | 2017-08-10 | Library Block B | 2017-08-10 | AGR | B547 | A08578 | Library Block B | AGR DAM 2014 B547 Or.4 | |||||||
| 2017-08-10 | 2017-08-10 | Library Block B | 2017-08-10 | AGR | B547 | A08908 | Library Block B | AGR DAM 2014 B547 Or.5 | |||||||
| 2017-08-10 | 2017-08-10 | Library Block B | 2017-08-10 | AGR | B547 | A08503 | Library Block B | AGR DAM 2014 B547 Or.6 | |||||||
| 2017-08-10 | 2017-08-10 | Library Block B | 2017-08-10 | AGR | B547 | A08817 | Library Block B | AGR DAM 2014 B547 Or.7 | |||||||
| 2017-08-10 | 2017-08-10 | Library Block B | 2017-08-10 | AGR | B547 | Library Block B | AGR DAM 2014 B547 Or.1 |